Statistics for All UFC Lightweight Champions

Click here to take the quiz!

General Stats

  • This quiz has been taken 546 times
    (428 since last reset)
  • The average score is 10 of 15

Answer Stats

Title ReignSuccessful DefensesChampion% Correct
2018-20203Khabib Nurmagomedov
98%
2016-20180Conor McGregor
96%
2022-Present2Islam Makhachev
95%
2021-20221Charles Oliveira
93%
2019
(Interim)
-Dustin Poirier
78%
20160Eddie Alvarez
73%
2020
(Interim)
-Justin Gaethje
73%
2017-2018
(Interim)
-Tony Ferguson
65%
2008-20103B.J. Penn
57%
2015-20161Rafael dos Anjos
52%
2013-20151Anthony Pettis
45%
2010-20123Frankie Edgar
42%
2012-20133Benson Henderson
40%
2001-20022Jens Pulver
26%
2006-20071Sean Sherk
20%

Score Distribution

Percentile by Number Answered

Percent of People with Each Score

Your Score History

You have not taken this quiz since the last reset